000 00400nam a2200145Ia 4500
008 151015s9999 xx 000 0 und d
020 _a763820628
050 _aT 385 .R 893 2004
245 _aRutkosky Nita
250 _a_Power point 2003 Specialist
300 _aU.S.A EMC Paradigm 2004
500 _aIncludes Index
650 _a_Microsoft power point
700 _a^d20120827 10:54:10^okorir
999 _c3544
_d3544